000 00724pam a2200229 a 4500
999 _c331162
_d331162
001 2858468
003 NUST
005 20170920140311.0
008 850201s1985 nyua b 001 0 eng
010 _a 85000207
020 _a0070221340 :
_c$49.95
040 _aDLC
_cDLC
_dDLC
050 0 0 _aTC175
_b.F78 1985
082 0 0 _a627.1 FRE
_219
100 1 _aFrench, Richard H.
_94696
245 1 0 _aOpen-channel hydraulics /
_cRichard H. French.
260 _aNew York :
_bMcGraw-Hill,
_cc1985.
300 _axi, 705 p. :
_bill. ;
_c25 cm.
500 _aP.B
504 _aIncludes bibliographies and index.
650 0 _aChannels (Hydraulic engineering)
_9561
906 _a7
_bcbc
_corignew
_d1
_eocip
_f19
_gy-gencatlg
942 _2ddc
_cBK
_kIESE